|
|
|
|
| LEADER |
00000cam a2200000 7i4500 |
| 001 |
0000001424 |
| 005 |
20010625.0 |
| 090 |
0 |
0 |
|a 338.9595
|b MAL 1991
|
| 110 |
1 |
0 |
|a MALAYSIA
|
| 245 |
1 |
0 |
|a Kenyataan dasar RRJP2 dan RM6 (Pelaksanaan dasar dan program)
|
| 260 |
0 |
0 |
|a Kuala Lumpur :
|b Unit Perancang Ekonomi, Jabatan Perdana Menteri ,
|c 1991
|
| 300 |
|
|
|a vii, 157 p. ;
|c 27 cm.
|
| 650 |
0 |
0 |
|a Economic development project
|z Malaysia
|
| 651 |
0 |
0 |
|a Malaysia
|x Economic policy
|
| 710 |
1 |
1 |
|a MALAYSIA ,
|c Jabatan Perdana Menteri, Unit Perancang Ekonomi
|
| 998 |
|
|
|a JPSM
|
| 999 |
|
|
|a 0000002442
|b Monograph
|c Open Shelf
|e Default branch
|
| 999 |
|
|
|a 0000002443
|b Monograph
|c Open Shelf
|e Default branch
|